Sic'etait Vrai... (Record no. 2420)

MARC details
005 - DATE AND TIME OF LATEST TRANSACTION
control field 20250516150738.0
020 ## - INTERNATIONAL STANDARD BOOK NUMBER
International Standard Book Number 2-01-155394-6
082 ## - DEWEY DECIMAL CLASSIFICATION NUMBER
Classification number F BAT
100 ## - MAIN ENTRY--PERSONAL NAME
Author name BATAILLE, S.
245 ## - TITLE STATEMENT
Title Sic'etait Vrai...
260 ## - PUBLICATION, DISTRIBUTION, ETC.
Place of publication, distribution, etc. Paris,
Name of publisher, distributor, etc. Hachette,
Date of publication, distribution, etc. 2005.
300 ## - PHYSICAL DESCRIPTION
Extent 44p., ill., picture,
Dimensions 18cm.
942 ## - ADDED ENTRY ELEMENTS (KOHA)
Source of classification or shelving scheme Dewey Decimal Classification
Koha item type Books
Holdings
Date last seen Total checkouts Full call number Barcode Cost, replacement price Price effective from Koha item type Lost status Source of classification or shelving scheme Damaged status Not for loan Withdrawn status Home library Current library Shelving location Date acquired Cost, normal purchase price
07/02/2025   445 BAT DOM0003045 90000.00 07/02/2025 Books   Dewey Decimal Classification       CBE Dodoma CBE Dodoma General Collection 07/02/2025 30000.00
05/16/2025   F BAT 0000008754 60000.00 12/17/2007 Books   Dewey Decimal Classification       College of Business Education Main Library College of Business Education Main Library General Collection 05/16/2025 20000.00
05/16/2025   F BAT 0000008755 60000.00 12/17/2007 Books   Dewey Decimal Classification       College of Business Education Main Library College of Business Education Main Library General Collection 05/16/2025 20000.00